• 首页
  • 本馆介绍
  • 公告通知
  • 最新文献
  • 馆藏检索
  • 电子资源
  • 读者导购
  • 参考咨询
  • 我的图书馆
  • 登录
  • 详细信息显示
  • 放入我的书架
  • 预约/预借图书
  • 作者相关作品
  • 分类相关作品
  • 丛书相关作品
  • 出版社相关作品

书目信息

  • 表格格式
  • 工作单格式
  • 卡片格式
题名:
Flink与Kylin深度实践
    
 
作者: 李沙 , 王超 编著
分册:  
出版信息: 北京   机械工业出版社  2020
页数: 11,241页
开本: 26cm
丛书名: 数字化人才职场赋能系列丛书
单 册:
中图分类: TP274 , TP368.5
科图分类:
主题词: 互联网络--网络服务器 , 数据处理软件
电子资源:
ISBN: 978-7-111-66017-0
000 01069nam0 2200301 450
001 2364612141
005 20231102175707.00
010    @a978-7-111-66017-0@dCNY69.90
100    @a20201022d2020 em y0chiy50 ea
101 0  @achi
102    @aCN@b110000
105    @ay z 000yy
200 1  @aFlink与Kylin深度实践@9Flink yu Kylin shen du shi jian@f王超,李沙编著
210    @a北京@c机械工业出版社@d2020
215    @a11,241页@d26cm
225 1  @a数字化人才职场赋能系列丛书
300    @a双色印刷
304    @a开课吧组编
330    @a本书从实用角度出发,首先介绍了Flink的功能模块、运行模式、部署安装等内容,然后着重介绍了Flink中的实时处理技术和批量处理技术,接着讲解了Flink的Table与SQL、CEP机制、调优与监控、实时数据同步解析,最后通过Flink结合Kylin实现了实时数据统计的功能。
461  0 @12001 @a数字化人才职场赋能系列丛书
606 0  @a互联网络@x网络服务器
606 0  @a数据处理软件
690    @aTP274@v5
690    @aTP368.5@v5
701  0 @a李沙@9li sha@4编著
701  0 @a王超@9wang chao@4编著
801  0 @aCN@b91MARC@c20201022
905    @aBZT@dTP274@e60
    
    Flink与Kylin深度实践/王超,李沙编著.-北京:机械工业出版社,2020
    11,241页;26cm.-(数字化人才职场赋能系列丛书)
    双色印刷
    
    ISBN 978-7-111-66017-0:CNY69.90
    本书从实用角度出发,首先介绍了Flink的功能模块、运行模式、部署安装等内容,然后着重介绍了Flink中的实时处理技术和批量处理技术,接着讲解了Flink的Table与SQL、CEP机制、调优与监控、实时数据同步解析,最后通过Flink结合Kylin实现了实时数据统计的功能。
●
相关链接 在五车中查询图书 在当当中查询图书 在豆瓣中查询图书


正题名:Flink与Kylin深度实践     索取号:TP274/60         预约/预借

序号 登录号 条形码 馆藏地/架位号 状态 备注
1 2000977297   2000977297   中教、安徽混合/山东中教(第一批)/61/ [索取号:TP274/60] 在馆    
2 2000977298   2000977298   中教、安徽混合/山东中教(第一批)/61/ [索取号:TP274/60] 在馆    
3 2000977299   2000977299   中教、安徽混合/山东中教(第一批)/61/ [索取号:TP274/60] 在馆    
4 2000977300   2000977300   中教、安徽混合/山东中教(第一批)/61/ [索取号:TP274/60] 在馆    
5 2000977301   2000977301   中教、安徽混合/山东中教(第一批)/61/ [索取号:TP274/60] 在馆    
6 2000977302   2000977302   中教、安徽混合/山东中教(第一批)/61/ [索取号:TP274/60] 在馆    
山东省滨州职业学院图书馆 欢迎您!
大连网信软件有限公司© 版权所有